[Event "NB II. Barcza csoport"]
[Site "Edeleny"]
[Date "2024.04.21"]
[Round "8.8"]
[White "Kristof, Peter"]
[Black "Ujpal, Balint"]
[Result "1/2-1/2"]
[WhiteElo "2070"]
[BlackElo "1897"]
[PlyCount "190"]
[EventDate "2023.10.08"]
[EventType "team-tourn"]
[EventRounds "9"]
[EventCountry "HUN"]
[Source "chess.hu"]
[WhiteTeam "Edelenyi VSE"]
[BlackTeam "M.Sportisk-KisBocsok"]
[WhiteTeamCountry "HUN"]
[BlackTeamCountry "HUN"]

1. e4 c6 2. d4 d5 3. Nc3 dxe4 4. Nxe4 Bf5 5. Ng3 Bg6 6. Nf3 Nd7 7. Bd3 Ngf6 8.
Be3 e6 9. Qd2 Bxd3 10. Qxd3 Be7 11. O-O O-O 12. Rfe1 c5 13. Rad1 Qc7 14. c4
cxd4 15. Bxd4 Rfd8 16. Qc3 Bc5 17. b4 Bxd4 18. Rxd4 Nf8 19. Red1 Ng6 20. h3
Rac8 21. b5 Rd5 22. Qb4 Rxd4 23. Rxd4 e5 24. Rd1 e4 25. Nd2 e3 26. Ndf1 exf2+
27. Kxf2 Qb6+ 28. Ne3 Re8 29. Ngf5 Ne4+ 30. Kg1 Ng3 31. Kh2 Qc7 32. Qd6 Qxd6
33. Rxd6 Nxf5 34. Nxf5 Ne5 35. c5 g6 36. Nd4 Kf8 37. Nb3 Ke7 38. Rd4 f6 39. a4
Rd8 40. Rb4 Rc8 41. Rd4 h5 42. Rd2 Rd8 43. Rc2 Rc8 44. Na5 Rc7 45. Nb3 Ke6 46.
Rd2 Ke7 47. Kg1 Rd7 48. Rc2 Ke6 49. Kf1 Rc7 50. Ke2 Nd7 51. Rc4 Ne5 52. Rd4 Ke7
53. a5 a6 54. b6 Rc8 55. Rd2 Nc6 56. Rc2 Ke6 57. Kd2 g5 58. Kc3 Rd8 59. Re2+
Kf5 60. Rf2+ Ke6 61. Re2+ Kf5 62. Ra2 g4 63. Nd2 gxh3 64. gxh3 Rg8 65. Nf1 Ke4
66. Rf2 f5 67. Nd2+ Ke5 68. Nc4+ Ke6 69. Nd6 Rg3+ 70. Kc2 Nxa5 71. Nxf5 Rxh3
72. Ng7+ Kd5 73. Rf5+ Kc4 74. Nxh5 Rh2+ 75. Kd1 Nb3 76. c6 Rd2+ 77. Ke1 bxc6
78. Rf4+ Kc5 79. Rf3 Rb2 80. b7 Rb1+ 81. Kf2 Nd4 82. Ra3 Rxb7 83. Rxa6 Kc4 84.
Ra4+ Kc3 85. Ra3+ Kd2 86. Ng3 Rf7+ 87. Kg2 Rf4 88. Nf1+ Ke2 89. Re3+ Kd1 90.
Rd3+ Kc2 91. Ra3 c5 92. Ne3+ Kb2 93. Nc4+ Kc1 94. Ne5 Rf5 95. Rc3+ Kb1 1/2-1/2

[Event "NB II. Barcza csoport"]
[Site "Edeleny"]
[Date "2024.04.21"]
[Round "8.9"]
[White "Hajdu, Zoltan"]
[Black "Csukerda, Attila"]
[Result "1-0"]
[WhiteElo "1813"]
[BlackElo "1924"]
[PlyCount "73"]
[EventDate "2023.10.08"]
[EventType "team-tourn"]
[EventRounds "9"]
[EventCountry "HUN"]
[Source "chess.hu"]
[WhiteTeam "M.Sportisk-KisBocsok"]
[BlackTeam "Edelenyi VSE"]
[WhiteTeamCountry "HUN"]
[BlackTeamCountry "HUN"]

1. d4 d5 2. Nc3 Nf6 3. Bg5 Nbd7 4. Nf3 e6 5. e4 h6 6. Bxf6 Nxf6 7. Bd3 Be7 8.
Qe2 Bb4 9. O-O O-O 10. e5 Nd7 11. a3 Be7 12. Nd1 a5 13. Ne3 g6 14. c4 dxc4 15.
Bxc4 c6 16. a4 Kg7 17. Nd2 Qb6 18. Nf3 Qd8 19. Ne1 Nb6 20. Qd2 Nxc4 21. Nxc4 b5
22. Ne3 Bb4 23. Qc1 Qxd4 24. Qxc6 Bd7 25. Nf3 Qa7 26. Qe4 Be7 27. Ng4 Qc5 28.
Rac1 Qb4 29. Nd4 Rad8 30. Qe3 Bg5 31. f4 Be7 32. Kh1 h5 33. f5 Rh8 34. f6+ Kg8
35. fxe7 Qxe7 36. Nf6+ Kg7 37. Qg5 1-0

[Event "NB II. Barcza csoport"]
[Site "Edeleny"]
[Date "2024.04.21"]
[Round "8.10"]
[White "Kiraly, Lilla Virag"]
[Black "Homolya, Daniel"]
[Result "1-0"]
[WhiteElo "1906"]
[BlackElo "1718"]
[PlyCount "85"]
[EventDate "2023.10.08"]
[EventType "team-tourn"]
[EventRounds "9"]
[EventCountry "HUN"]
[Source "chess.hu"]
[WhiteTeam "Edelenyi VSE"]
[BlackTeam "M.Sportisk-KisBocsok"]
[WhiteTeamCountry "HUN"]
[BlackTeamCountry "HUN"]

1. d4 Nf6 2. Bf4 g6 3. e3 Bg7 4. Nf3 O-O 5. Be2 d6 6. O-O Nbd7 7. h3 b6 8. a4
Bb7 9. a5 Re8 10. a6 Be4 11. Nbd2 e5 12. dxe5 dxe5 13. Bh2 Bc6 14. c3 Qe7 15.
b4 Nd5 16. Qb3 Rac8 17. Bc4 N5f6 18. Rfd1 Ba8 19. Bb5 c6 20. Bf1 c5 21. Nc4 e4
22. Nfd2 Red8 23. Nd6 Rc6 24. N2c4 cxb4 25. cxb4 Ne8 26. Rab1 b5 27. Nxb5 Rxa6
28. Ncd6 Be5 29. Bxe5 Nxe5 30. Nxe8 Rxe8 31. Nc7 Qxc7 32. Bxa6 Bb7 33. Rbc1 Qe7
34. Bxb7 Qxb7 35. Qa4 Rb8 36. Rd4 Nd3 37. Rb1 Nc5 38. Qa5 Ne6 39. Rc4 a6 40.
Qe5 Qa7 41. Qxe4 a5 42. b5 Rb6 43. Qe5 1-0

[Event "NB II. Barcza csoport"]
[Site "Edeleny"]
[Date "2024.04.21"]
[Round "8.11"]
[White "Gal, Andras"]
[Black "Berecz, Kristof"]
[Result "0-1"]
[WhiteElo "1678"]
[BlackElo "1781"]
[PlyCount "98"]
[EventDate "2023.10.08"]
[EventType "team-tourn"]
[EventRounds "9"]
[EventCountry "HUN"]
[Source "chess.hu"]
[WhiteTeam "M.Sportisk-KisBocsok"]
[BlackTeam "Edelenyi VSE"]
[WhiteTeamCountry "HUN"]
[BlackTeamCountry "HUN"]

1. e4 d5 2. exd5 Qxd5 3. Nc3 Qa5 4. g3 c6 5. Bg2 Nf6 6. Nf3 Bf5 7. d3 e6 8. Bd2
Qc7 9. Qe2 Nbd7 10. O-O Be7 11. Nd4 Bg6 12. Bf4 Qd8 13. Rae1 O-O 14. Nxe6 fxe6
15. Qxe6+ Rf7 16. g4 Nc5 17. Qe2 Bd6 18. Bg5 Re7 19. Qf3 Rxe1 20. Rxe1 Qf8 21.
h4 Re8 22. Rxe8 Bxe8 23. d4 Ne6 24. Qe3 Nxg5 25. hxg5 Nd7 26. Qe6+ Kh8 27. Ne4
Bf4 28. g6 hxg6 29. g5 Qf7 30. Qh3+ Kg8 31. Qf3 Nb6 32. Qd3 Bd7 33. Nc5 Be6 34.
Qe4 Bd5 35. Qd3 Bxg2 36. Kxg2 Qd5+ 37. Ne4 Qe6 38. Qf3 Qf7 39. Qg4 Qf5 40. Qf3
Qf7 41. Qg4 Bb8 42. b3 Qd7 43. Qh4 Nc8 44. Nc5 Qd5+ 45. Kg1 b6 46. Nd3 Ne7 47.
c4 Qf5 48. Ne1 Bd6 49. Ng2 Qb1+ 0-1

[Event "NB II. Barcza csoport"]
[Site "Edeleny"]
[Date "2024.04.21"]
[Round "8.12"]
[White "Galko, Tibor"]
[Black "Simon, Balint"]
[Result "1/2-1/2"]
[WhiteElo "1886"]
[BlackElo "1718"]
[PlyCount "173"]
[EventDate "2023.10.08"]
[EventType "team-tourn"]
[EventRounds "9"]
[EventCountry "HUN"]
[Source "chess.hu"]
[WhiteTeam "Edelenyi VSE"]
[BlackTeam "M.Sportisk-KisBocsok"]
[WhiteTeamCountry "HUN"]
[BlackTeamCountry "HUN"]

1. e4 c5 2. d4 cxd4 3. c3 dxc3 4. Nxc3 Nc6 5. Nf3 e6 6. Bc4 a6 7. O-O b5 8. Bb3
Be7 9. Qe2 d6 10. Rd1 Qc7 11. Be3 Nf6 12. Rac1 Qb8 13. Nxb5 Qxb5 14. Qxb5 axb5
15. Rxc6 Bd7 16. Rc7 Nxe4 17. Ne5 Nf6 18. Nxd7 Nxd7 19. Rdc1 Nc5 20. Bxc5 dxc5
21. a3 c4 22. Bd1 Bf6 23. Bf3 Rb8 24. Bc6+ Kf8 25. Bxb5 Rxb5 26. Rc8+ Ke7 27.
Rxh8 Rxb2 28. Rc8 c3 29. h3 Rb3 30. a4 Ra3 31. Ra8 Ra2 32. a5 c2 33. Rc8 Rxa5
34. R8xc2 Be5 35. Rc5 Rxc5 36. Rxc5 Kf6 37. Rb5 Bd6 38. Kf1 g5 39. Ke2 Kg6 40.
Kd3 h5 41. Ke4 h4 42. Rb6 Bc5 43. Rb2 Bd6 44. Rb3 Bc7 45. Rb7 Bd6 46. Rd7 Bf4
47. Kf3 Be5 48. g3 hxg3 49. fxg3 Bf6 50. g4 Kg7 51. Ke4 Bc3 52. Rd1 Bf6 53. Rf1
Kg6 54. Kd3 Bg7 55. Kc4 f5 56. Kc5 Be5 57. Kc6 f4 58. Kd7 Bd4 59. Kxe6 Be3 60.
Ke5 Bd2 61. Rd1 Be3 62. Rd6+ Kg7 63. Ke4 Bf2 64. Kf5 Bh4 65. Rd7+ Kh6 66. Rd3
Kg7 67. Rd6 Kh7 68. Kf6 Kh6 69. Kf7+ Kh7 70. Rg6 f3 71. Rf6 f2 72. Rf3 Kh6 73.
Kf6 Kh7 74. Kf5 Kg7 75. Ke4 Kg6 76. Ke3 Kg7 77. Ke2 Kg6 78. Rf5 Kg7 79. Rxf2
Bxf2 80. Kxf2 Kf6 81. Kf3 Ke5 82. Ke3 Kd5 83. Kd3 Ke5 84. Ke3 Kd5 85. h4 gxh4
86. Kf4 Ke6 87. g5 1/2-1/2

[Event "NB II. Barcza csoport"]
[Site "Debrecen"]
[Date "2024.04.21"]
[Round "8.1"]
[White "Forgacs, Jozsef"]
[Black "Bai, Attila"]
[Result "1-0"]
[WhiteElo "2216"]
[BlackElo "2135"]
[PlyCount "77"]
[EventDate "2023.10.08"]
[EventType "team-tourn"]
[EventRounds "9"]
[EventCountry "HUN"]
[Source "chess.hu"]
[WhiteTeam "Karsol-DSBK"]
[BlackTeam "DEAC-Debr.Sakkiskola"]
[WhiteTeamCountry "HUN"]
[BlackTeamCountry "HUN"]

1. Nf3 b5 2. e3 a6 3. a4 b4 4. c4 g6 5. d4 Bg7 6. Nbd2 Nf6 7. b3 O-O 8. Bb2 d6
9. Qc2 c5 10. Bd3 cxd4 11. exd4 Bb7 12. O-O-O Nbd7 13. Kb1 Rc8 14. Rhe1 Ng4 15.
Ne4 d5 16. Nc5 Nxc5 17. dxc5 Rxc5 18. Bxg7 Kxg7 19. Qb2+ Kg8 20. Qd4 dxc4 21.
Qxc5 cxd3 22. Qxb4 Qd5 23. Rxe7 Bc6 24. Rd2 a5 25. Qc4 Qd6 26. Re1 Bxf3 27.
Rxd3 Qxh2 28. gxf3 Qxf2 29. Qc3 Nh6 30. Red1 Qb6 31. Rd5 Rb8 32. Rb5 Qa7 33.
Qf6 Rf8 34. Rbd5 Qb8 35. Ka2 Nf5 36. Rd8 Qh2+ 37. Kb1 Ng7 38. Rxf8+ Kxf8 39.
Rd8+ 1-0

[Event "NB II. Barcza csoport"]
[Site "Debrecen"]
[Date "2024.04.21"]
[Round "8.2"]
[White "Menyhart, Tibor"]
[Black "Kanyadi, Zoltan"]
[Result "1/2-1/2"]
[WhiteElo "1997"]
[BlackElo "2082"]
[PlyCount "173"]
[EventDate "2023.10.08"]
[EventType "team-tourn"]
[EventRounds "9"]
[EventCountry "HUN"]
[Source "chess.hu"]
[WhiteTeam "DEAC-Debr.Sakkiskola"]
[BlackTeam "Karsol-DSBK"]
[WhiteTeamCountry "HUN"]
[BlackTeamCountry "HUN"]

1. d4 Nf6 2. c4 c5 3. d5 e6 4. Nc3 exd5 5. cxd5 g6 6. e4 d6 7. f4 Bg7 8. Nf3
O-O 9. e5 dxe5 10. fxe5 Ng4 11. Be2 Nxe5 12. O-O Nbd7 13. Bf4 Nxf3+ 14. Bxf3
Ne5 15. Qd2 b6 16. Rae1 Nxf3+ 17. Rxf3 Bb7 18. Bg5 Bd4+ 19. Kh1 f6 20. Bh4 Bxd5
21. Nxd5 Qxd5 22. Bxf6 Qxa2 23. Bxd4 Rxf3 24. gxf3 cxd4 25. Qxd4 Qf7 26. Kg2
Rf8 27. Re3 Qf6 28. Qc4+ Kg7 29. b3 Rf7 30. Qd3 Qg5+ 31. Kf2 Qh4+ 32. Kg2 Qg5+
33. Kf2 Qf6 34. Re4 Qa1 35. Re1 Qb2+ 36. Re2 Qf6 37. Re4 h5 38. h4 Qa1 39. Re1
Qf6 40. Re4 Rc7 41. Rd4 Re7 42. Re4 Rf7 43. Kg2 a5 44. Rd4 b5 45. Rd6 Qf5 46.
Qc3+ Kh7 47. Rd8 Qf6 48. Qxf6 Rxf6 49. Ra8 Rf4 50. Ra7+ Kh6 51. Kg3 Rb4 52.
Rxa5 Rxb3 53. Kf4 Rb4+ 54. Ke5 Rxh4 55. Rxb5 Rh1 56. Kf4 Re1 57. Ra5 Re6 58.
Rb5 Rf6+ 59. Kg3 g5 60. Rd5 Kg6 61. Rb5 Re6 62. Ra5 Re3 63. Ra6+ Kf5 64. Ra5+
Re5 65. Ra4 h4+ 66. Kf2 Rb5 67. Ra2 Rb4 68. Ke3 Rb3+ 69. Kf2 Rb5 70. Ke3 g4 71.
fxg4+ Kxg4 72. Kf2 Kh3 73. Ra4 Rb1 74. Rc4 Rb7 75. Ra4 Rg7 76. Rb4 Rg2+ 77. Kf1
Rg8 78. Ra4 Rg3 79. Rb4 Rf3+ 80. Kg1 Ra3 81. Rb1 Kg3 82. Rc1 h3 83. Rb1 Re3 84.
Ra1 Rf3 85. Rb1 h2+ 86. Kh1 Kh3 87. Rb3 1/2-1/2

[Event "NB II. Barcza csoport"]
[Site "Debrecen"]
[Date "2024.04.21"]
[Round "8.3"]
[White "Bodnar, Mate"]
[Black "Kiss, Gergely Dr"]
[Result "1/2-1/2"]
[WhiteElo "2004"]
[BlackElo "2059"]
[PlyCount "79"]
[EventDate "2023.10.08"]
[EventType "team-tourn"]
[EventRounds "9"]
[EventCountry "HUN"]
[Source "chess.hu"]
[WhiteTeam "Karsol-DSBK"]
[BlackTeam "DEAC-Debr.Sakkiskola"]
[WhiteTeamCountry "HUN"]
[BlackTeamCountry "HUN"]

1. Nf3 d5 2. g3 c6 3. Bg2 Nf6 4. d4 Bf5 5. O-O h6 6. c4 e6 7. Nc3 Nbd7 8. b3
Bb4 9. Bb2 O-O 10. Rc1 Qe7 11. c5 Ba5 12. a3 Bc7 13. Nh4 Bh7 14. f4 Rad8 15.
Qd2 Ne4 16. Nxe4 dxe4 17. f5 exf5 18. Nxf5 Bxf5 19. Rxf5 Nf6 20. d5 Nxd5 21.
Qd4 f6 22. Qxe4 Qxe4 23. Bxe4 Ne3 24. Rf3 Ng4 25. b4 Rfe8 26. Bd3 Be5 27. Rb1
Bxb2 28. Rxb2 Ne5 29. Re3 Kf8 30. b5 Rd5 31. bxc6 bxc6 32. Rb7 Re7 33. Rb8+ Kf7
34. Be4 Rxc5 35. Reb3 Rc4 36. Bf3 Rd4 37. Kf2 Rd2 38. R3b7 Rdd7 39. Rxd7 Rxd7
40. Rc8 1/2-1/2

[Event "NB II. Barcza csoport"]
[Site "Debrecen"]
[Date "2024.04.21"]
[Round "8.4"]
[White "Ats, Laszlo Gyorgy"]
[Black "Kelemen, Imre"]
[Result "0-1"]
[WhiteElo "1918"]
[BlackElo "1993"]
[PlyCount "66"]
[EventDate "2023.10.08"]
[EventType "team-tourn"]
[EventRounds "9"]
[EventCountry "HUN"]
[Source "chess.hu"]
[WhiteTeam "DEAC-Debr.Sakkiskola"]
[BlackTeam "Karsol-DSBK"]
[WhiteTeamCountry "HUN"]
[BlackTeamCountry "HUN"]

1. d4 c5 2. e3 cxd4 3. exd4 Nf6 4. Bg5 Ne4 5. Bh4 Qb6 6. b3 g6 7. c3 Qc7 8. Qc2
d5 9. f3 Qf4 10. Bb5+ Nc6 11. Bf2 Nxf2 12. Kxf2 Bh6 13. g3 Qe3+ 14. Kg2 Bf5 15.
Qe2 Qc1 16. g4 Bxb1 17. Nh3 Qxc3 18. Raxb1 O-O 19. Bxc6 bxc6 20. g5 Bg7 21.
Rhc1 Qxd4 22. Rxc6 Rac8 23. Rd1 Rxc6 24. Rxd4 Bxd4 25. Qxe7 Rc2+ 26. Kg3 Bb6
27. Nf4 Bc7 28. h4 d4 29. Qe4 Rd2 30. Kg4 Bxf4 31. Qxf4 Rd1 32. h5 gxh5+ 33.
Kxh5 d3 0-1

[Event "NB II. Barcza csoport"]
[Site "Debrecen"]
[Date "2024.04.21"]
[Round "8.5"]
[White "Debreceni, Mate"]
[Black "Balazs, Marcell"]
[Result "1-0"]
[WhiteElo "2073"]
[BlackElo "1976"]
[PlyCount "71"]
[EventDate "2023.10.08"]
[EventType "team-tourn"]
[EventRounds "9"]
[EventCountry "HUN"]
[Source "chess.hu"]
[WhiteTeam "Karsol-DSBK"]
[BlackTeam "DEAC-Debr.Sakkiskola"]
[WhiteTeamCountry "HUN"]
[BlackTeamCountry "HUN"]

1. e4 e5 2. Nf3 Nc6 3. Nc3 Nf6 4. Bb5 Bc5 5. O-O d6 6. d4 exd4 7. Nxd4 Bd7 8.
Nf5 Kf8 9. Ne3 Nd4 10. Bxd7 Qxd7 11. b4 Bb6 12. Ncd5 Nxd5 13. Nxd5 Nc6 14. a4
Re8 15. c3 a6 16. Nxb6 cxb6 17. f3 Ne5 18. Qd4 Qc7 19. Rd1 Nc4 20. Bf4 Re6 21.
Ra2 f6 22. Qd5 Ke7 23. Rd4 Rc8 24. Qh5 h6 25. h4 Ne5 26. Bd2 Nc4 27. f4 Nxd2
28. Raxd2 Qxc3 29. f5 Qe3+ 30. Kh2 Rxe4 31. Rxe4+ Qxe4 32. Re2 d5 33. Rxe4+
dxe4 34. Qe2 Kf8 35. Qxe4 Rc7 36. Qd4 1-0

[Event "NB II. Barcza csoport"]
[Site "Debrecen"]
[Date "2024.04.21"]
[Round "8.6"]
[White "Halasi, Szabolcs"]
[Black "Botragyi, Tibor"]
[Result "0-1"]
[WhiteElo "1843"]
[BlackElo "1983"]
[PlyCount "64"]
[EventDate "2023.10.08"]
[EventType "team-tourn"]
[EventRounds "9"]
[EventCountry "HUN"]
[Source "chess.hu"]
[WhiteTeam "DEAC-Debr.Sakkiskola"]
[BlackTeam "Karsol-DSBK"]
[WhiteTeamCountry "HUN"]
[BlackTeamCountry "HUN"]

1. d4 Nf6 2. Nf3 g6 3. g3 Bg7 4. Bg2 O-O 5. O-O d5 6. c4 c6 7. b3 Bf5 8. Bb2
Ne4 9. Nc3 Qa5 10. Nxe4 Bxe4 11. e3 c5 12. Qe2 Nc6 13. cxd5 Nb4 14. Bc3 Bxd5
15. Qd2 Qb5 16. a4 Qc6 17. Ne1 Bxg2 18. Nxg2 Nd5 19. Bb2 cxd4 20. Bxd4 Rfd8 21.
Rac1 Qe6 22. Bxg7 Kxg7 23. Qb2+ Kg8 24. Rfd1 Rac8 25. Rxc8 Rxc8 26. Qd4 Nc3 27.
Nf4 Qxb3 28. Re1 Qxa4 29. Qxa4 Nxa4 30. Ra1 b5 31. Nd5 Kf8 32. Rb1 a6 0-1

[Event "NB II. Barcza csoport"]
[Site "Debrecen"]
[Date "2024.04.21"]
[Round "8.7"]
[White "Szava, Miklos"]
[Black "Kantor, Sandor Dr"]
[Result "1/2-1/2"]
[WhiteElo "1973"]
[BlackElo "1866"]
[PlyCount "20"]
[EventDate "2023.10.08"]
[EventType "team-tourn"]
[EventRounds "9"]
[EventCountry "HUN"]
[Source "chess.hu"]
[WhiteTeam "Karsol-DSBK"]
[BlackTeam "DEAC-Debr.Sakkiskola"]
[WhiteTeamCountry "HUN"]
[BlackTeamCountry "HUN"]

1. e4 c5 2. Nf3 e6 3. c4 Nc6 4. d4 cxd4 5. Nxd4 Nf6 6. Nc3 a6 7. Be3 d6 8. Be2
Be7 9. O-O O-O 10. Qd2 Bd7 1/2-1/2

[Event "NB II. Barcza csoport"]
[Site "Debrecen"]
[Date "2024.04.21"]
[Round "8.8"]
[White "Koncz, Istvan"]
[Black "Ecsedi, Sandor"]
[Result "1-0"]
[WhiteElo "1903"]
[BlackElo "1878"]
[PlyCount "71"]
[EventDate "2023.10.08"]
[EventType "team-tourn"]
[EventRounds "9"]
[EventCountry "HUN"]
[Source "chess.hu"]
[WhiteTeam "DEAC-Debr.Sakkiskola"]
[BlackTeam "Karsol-DSBK"]
[WhiteTeamCountry "HUN"]
[BlackTeamCountry "HUN"]

1. c4 e5 2. Nc3 Nc6 3. d3 g6 4. g3 Bg7 5. Bg2 d6 6. e4 Nge7 7. Nge2 Be6 8. O-O
O-O 9. Rb1 a5 10. f4 Qd7 11. Nd5 f5 12. b3 Rae8 13. Bb2 Nd8 14. Qd2 Ndc6 15.
Rbc1 b6 16. a3 fxe4 17. dxe4 Rc8 18. Rf2 Bh3 19. Rcf1 Bxg2 20. Kxg2 exf4 21.
Bxg7 Kxg7 22. Qc3+ Kh6 23. Rxf4 Rxf4 24. gxf4 Qg4+ 25. Ng3 Nxd5 26. cxd5 Ne7
27. Qf6 Ng8 28. Qf7 Qh4 29. Rf3 Qg4 30. h3 Qh4 31. Qe6 Qd8 32. Nf5+ Kh5 33. Rg3
gxf5 34. Rg5+ Kh4 35. Qxf5 Nf6 36. Rg4+ 1-0

[Event "NB II. Barcza csoport"]
[Site "Debrecen"]
[Date "2024.04.21"]
[Round "8.9"]
[White "Borbely, Zsombor"]
[Black "Radai, Balazs"]
[Result "1-0"]
[WhiteElo "1831"]
[BlackElo "1812"]
[PlyCount "83"]
[EventDate "2023.10.08"]
[EventType "team-tourn"]
[EventRounds "9"]
[EventCountry "HUN"]
[Source "chess.hu"]
[WhiteTeam "Karsol-DSBK"]
[BlackTeam "DEAC-Debr.Sakkiskola"]
[WhiteTeamCountry "HUN"]
[BlackTeamCountry "HUN"]

1. Nf3 g6 2. c4 c5 3. Nc3 Nc6 4. d4 cxd4 5. Nxd4 Bg7 6. Nxc6 bxc6 7. e4 d6 8.
Be2 f5 9. Bf3 Qb6 10. O-O Nf6 11. Be3 Qc7 12. Bd4 e5 13. Be3 f4 14. Bd2 g5 15.
Bh5+ Ke7 16. h3 Be6 17. b3 Qd7 18. Rc1 Bxh3 19. gxh3 Qxh3 20. Bf3 g4 21. Bg2
Qh4 22. f3 h5 23. b4 g3 24. Re1 Qh2+ 25. Kf1 h4 26. c5 h3 27. cxd6+ Kd7 28. Re2
hxg2+ 29. Rxg2 Qxg2+ 30. Kxg2 Rh2+ 31. Kf1 Rh1+ 32. Ke2 Rxd1 33. Rxd1 Rb8 34.
Na4 Kxd6 35. Bxf4+ Ke7 36. Bxe5 Rb5 37. Bxg3 Rg5 38. Bd6+ Ke8 39. Kf2 Nd7 40.
Nc5 Nxc5 41. Bxc5 a5 42. Rg1 1-0

[Event "NB II. Barcza csoport"]
[Site "Debrecen"]
[Date "2024.04.21"]
[Round "8.10"]
[White "Biro, Beata"]
[Black "Balogh, Karoly"]
[Result "1-0"]
[WhiteElo "1849"]
[BlackElo "1720"]
[PlyCount "33"]
[EventDate "2023.10.08"]
[EventType "team-tourn"]
[EventRounds "9"]
[EventCountry "HUN"]
[Source "chess.hu"]
[WhiteTeam "DEAC-Debr.Sakkiskola"]
[BlackTeam "Karsol-DSBK"]
[WhiteTeamCountry "HUN"]
[BlackTeamCountry "HUN"]

1. e4 e5 2. d4 exd4 3. Nf3 c5 4. c3 Nc6 5. cxd4 cxd4 6. Nxd4 Bb4+ 7. Nc3 Bxc3+
8. bxc3 Nf6 9. Ba3 d6 10. Nb5 O-O 11. Bd3 Re8 12. Nxd6 Re5 13. O-O Bg4 14. f3
Be6 15. Kh1 Qc7 16. Nb5 Qb8 17. Bd6 1-0

[Event "NB II. Barcza csoport"]
[Site "Debrecen"]
[Date "2024.04.21"]
[Round "8.11"]
[White "Bekesi, Aron"]
[Black "Gajdacs, Jonathan"]
[Result "0-1"]
[WhiteElo "1785"]
[BlackElo "1657"]
[PlyCount "88"]
[EventDate "2023.10.08"]
[EventType "team-tourn"]
[EventRounds "9"]
[EventCountry "HUN"]
[Source "chess.hu"]
[WhiteTeam "Karsol-DSBK"]
[BlackTeam "DEAC-Debr.Sakkiskola"]
[WhiteTeamCountry "HUN"]
[BlackTeamCountry "HUN"]

1. e4 c5 2. Nf3 Nc6 3. d4 cxd4 4. Nxd4 e6 5. Nc3 Bc5 6. Nb3 Bb4 7. a3 Bxc3+ 8.
bxc3 Nf6 9. Bd3 O-O 10. Bg5 d5 11. Qe2 h6 12. Bh4 Ne5 13. O-O Ng6 14. Bg3 dxe4
15. Bc4 e5 16. Nc5 Qa5 17. Nxe4 Nxe4 18. Qxe4 Qxc3 19. Bd5 Kh7 20. h3 f5 21.
Qe2 Qc7 22. Rab1 Rb8 23. Rfe1 Re8 24. Kh1 b6 25. Rbd1 Bb7 26. c4 Bxd5 27. cxd5
Qd6 28. a4 Rbc8 29. Qa6 Rc7 30. a5 Rc5 31. Qxa7 bxa5 32. Rd2 Rxd5 33. Ra2 f4
34. Bh2 Rd1 35. Rxd1 Qxd1+ 36. Bg1 f3 37. Qxa5 fxg2+ 38. Kh2 Nh4 39. Qa4 Nf3+
40. Kxg2 Qxg1+ 41. Kxf3 Rf8+ 42. Ke3 Qe1+ 43. Kd3 Rf3+ 44. Kc2 Rc3+ 0-1

[Event "NB II. Barcza csoport"]
[Site "Debrecen"]
[Date "2024.04.21"]
[Round "8.12"]
[White "Biro, Csilla"]
[Black "Barna, Peter"]
[Result "1/2-1/2"]
[WhiteElo "1632"]
[BlackElo "1766"]
[PlyCount "61"]
[EventDate "2023.10.08"]
[EventType "team-tourn"]
[EventRounds "9"]
[EventCountry "HUN"]
[Source "chess.hu"]
[WhiteTeam "DEAC-Debr.Sakkiskola"]
[BlackTeam "Karsol-DSBK"]
[WhiteTeamCountry "HUN"]
[BlackTeamCountry "HUN"]

1. e4 e5 2. d4 exd4 3. Nf3 Bb4+ 4. Nbd2 d5 5. Bd3 dxe4 6. Bxe4 Nf6 7. O-O Bxd2
8. Nxd2 Nxe4 9. Nxe4 O-O 10. Nc5 Qd5 11. Nb3 c5 12. c3 Nc6 13. Re1 b6 14. cxd4
Nxd4 15. Be3 Bb7 16. f3 Nxb3 17. axb3 Qxd1 18. Raxd1 Rad8 19. Bf4 Rxd1 20. Rxd1
Bc6 21. Ra1 Ra8 22. Bd2 a5 23. Bf4 a4 24. Bc7 axb3 25. Rxa8+ Bxa8 26. Bxb6 c4
27. Bd4 g6 28. Kf2 f5 29. Kg3 Kf7 30. Kf4 h6 31. g4 1/2-1/2

[Event "NB II. Barcza csoport"]
[Site "Nyiregyhaza"]
[Date "2024.04.21"]
[Round "8.1"]
[White "Borsos, Bogdan"]
[Black "Coroian, Sebastian-Dumitru"]
[Result "0-1"]
[WhiteElo "2065"]
[BlackElo "2112"]
[PlyCount "108"]
[EventDate "2023.10.08"]
[EventType "team-tourn"]
[EventRounds "9"]
[EventCountry "HUN"]
[Source "chess.hu"]
[WhiteTeam "Kazincbarcika VSC"]
[BlackTeam "NYESE"]
[WhiteTeamCountry "HUN"]
[BlackTeamCountry "HUN"]

1. e4 c5 2. Nf3 d6 3. Bb5+ Bd7 4. Bxd7+ Nxd7 5. O-O Ngf6 6. Re1 e6 7. d4 cxd4
8. Qxd4 Be7 9. c4 O-O 10. Nc3 a6 11. b3 Qc7 12. Bb2 Rfc8 13. Rac1 Qa5 14. a3
Rab8 15. h3 b5 16. b4 Qd8 17. cxb5 axb5 18. Qd3 Qb6 19. Red1 Rc4 20. Nd2 Rc7
21. Ne2 Ne5 22. Bxe5 dxe5 23. Rxc7 Qxc7 24. Rc1 Qa7 25. Ng3 Rd8 26. Qc3 h5 27.
Nf3 g6 28. Nxe5 Qd4 29. Nc6 Qxc3 30. Nxe7+ Kf8 31. Nxg6+ fxg6 32. Rxc3 Rd1+ 33.
Kh2 h4 34. Ne2 Nxe4 35. Re3 Nd2 36. g4 Nf1+ 37. Kg2 Nxe3+ 38. fxe3 Rd3 39. Kf3
e5 40. Ke4 Rxa3 41. Nc1 Ke7 42. Nd3 Rb3 43. Nxe5 Rxb4+ 44. Kd5 Kf6 45. Nd7+ Kg7
46. Nc5 Rb1 47. e4 Rh1 48. Ne6+ Kf6 49. e5+ Ke7 50. Ng5 Rc1 51. Nf3 b4 52. Nd4
Rc3 53. Ne2 Rxh3 54. Nf4 b3 0-1

[Event "NB II. Barcza csoport"]
[Site "Nyiregyhaza"]
[Date "2024.04.21"]
[Round "8.2"]
[White "Lazin, Robert-Tamas"]
[Black "Ligart, Tamas"]
[Result "1/2-1/2"]
[WhiteElo "2078"]
[BlackElo "2150"]
[PlyCount "36"]
[EventDate "2023.10.08"]
[EventType "team-tourn"]
[EventRounds "9"]
[EventCountry "HUN"]
[Source "chess.hu"]
[WhiteTeam "NYESE"]
[BlackTeam "Kazincbarcika VSC"]
[WhiteTeamCountry "HUN"]
[BlackTeamCountry "HUN"]

1. e4 Nf6 2. e5 Nd5 3. d4 d6 4. exd6 exd6 5. c4 Nb6 6. Be2 Be7 7. Nf3 Bg4 8.
O-O O-O 9. b3 Nc6 10. Bb2 Bf6 11. Nbd2 d5 12. c5 Nc8 13. Qc1 Re8 14. Bd3 g6 15.
h3 Be6 16. Bc3 N8e7 17. b4 Nf5 18. Qb2 b6 1/2-1/2

[Event "NB II. Barcza csoport"]
[Site "Nyiregyhaza"]
[Date "2024.04.21"]
[Round "8.3"]
[White "Karolyfalvi, Zoltan"]
[Black "Gorombei, Balint"]
[Result "1-0"]
[WhiteElo "2076"]
[BlackElo "1992"]
[PlyCount "61"]
[EventDate "2023.10.08"]
[EventType "team-tourn"]
[EventRounds "9"]
[EventCountry "HUN"]
[Source "chess.hu"]
[WhiteTeam "Kazincbarcika VSC"]
[BlackTeam "NYESE"]
[WhiteTeamCountry "HUN"]
[BlackTeamCountry "HUN"]

1. d4 Nf6 2. Nf3 g6 3. Bf4 Bg7 4. Nbd2 c5 5. e3 O-O 6. c3 d6 7. Bd3 Nbd7 8. O-O
b6 9. Qe2 Bb7 10. Rac1 Re8 11. e4 Nh5 12. Bg5 h6 13. Be3 e5 14. dxe5 dxe5 15.
g3 Qc7 16. Nh4 Ndf6 17. f3 a6 18. a4 Red8 19. Bc4 Kh7 20. Rfd1 Rd7 21. Nb3 Bc6
22. Rxd7 Qxd7 23. a5 bxa5 24. Nxc5 Qe7 25. Nxa6 Nd7 26. b4 a4 27. b5 Bb7 28.
Qa2 Bxa6 29. bxa6 f6 30. Bd5 Rxa6 31. Bg8+ 1-0